|
|
|
|
| LEADER |
00000cam a2200000 i 4500 |
| 001 |
1/12841 |
| 008 |
001024s1999 gr | ||| |||| ||gre|| |
| 020 |
|
|
|a 9603609684
|
| 035 |
|
|
|l 10064370
|
| 040 |
|
|
|a GR-MY-UA
|b gre
|e aacr
|
| 041 |
0 |
|
|a gre
|
| 082 |
7 |
|
|a 809.89282
|2 (22)
|
| 100 |
1 |
|
|a Ζερβού, Αλεξάνδρα Κ.
|
| 245 |
1 |
0 |
|a Στη χώρα των θαυμάτων :
|b το παιδικό ανάγνωσμα ως σημείο συνάντησης παιδιών και ενηλίκων /
|c Αλεξάνδρα Κ. Ζερβού.
|
| 250 |
|
|
|a 3η έκδ.
|
| 260 |
|
|
|a Αθήνα :
|b Πατάκης,
|c 1999.
|
| 300 |
|
|
|a 197 σ. ;
|c 21 εκ.
|
| 650 |
0 |
0 |
|a Children's literature.
|
| 650 |
0 |
0 |
|a Children's literature
|x History and criticism.
|
| 852 |
|
|
|a INST
|b RHODES
|e 20001024
|h 809.89282 ΖΕΡ
|p 005400017540
|q 005400017540
|t BK
|y 0
|
| 852 |
|
|
|a INST
|b RHODES
|e 20001024
|h 809.89282 ΖΕΡ
|p 005400017543
|q 005400017543
|t BK
|y 0
|
| 852 |
|
|
|a INST
|b RHODES
|e 20001024
|h 809.89282 ΖΕΡ
|p 005400017544
|q 005400017544
|t BK
|y 0
|
| 852 |
|
|
|a INST
|b RHODES
|e 20001024
|h 809.89282 ΖΕΡ
|p 005400017547
|q 005400017547
|t BK
|y 0
|
| 852 |
|
|
|a INST
|b RHODES
|e 20001024
|h 809.89282 ΖΕΡ
|p 005400017557
|q 005400017557
|t BK
|y 0
|
| 852 |
|
|
|a INST
|b RHODES
|e 20001024
|h 809.89282 ΖΕΡ
|p 005400017558
|q 005400017558
|t BK
|y 4
|x 20220207
|
| 852 |
|
|
|a INST
|b RHODES
|e 20030624
|h 809.89282 ΖΕΡ
|p 005400020287
|q 005400020287
|t BK
|y 0
|
| 852 |
|
|
|a INST
|b RHODES
|e 20030530
|h 809.89282 ΖΕΡ
|p 005400020473
|q 005400020473
|t BK
|y 0
|
| 901 |
|
|
|a BIBL4-2000-3
|
| 909 |
|
|
|a Ρ
|b 078611
|
| 909 |
|
|
|a Ρ
|b 078612
|
| 909 |
|
|
|a Ρ
|b 078613
|
| 909 |
|
|
|a Ρ
|b 078614
|
| 909 |
|
|
|a Ρ
|b 078615
|
| 909 |
|
|
|a Ρ
|b 078616
|
| 909 |
|
|
|a Ρ
|b 101821
|
| 909 |
|
|
|a Ρ
|b 104819
|
| 922 |
|
|
|a 4ΕΛΗ
|b 200010
|c ΔΩΡΕΑ
|
| 970 |
|
|
|a ΚΟΥΛΑΚΙΟΤΗ
|b ΛΙΤΣΑ
|z 2000/10/24
|